000 00326nam a22001217a 4500
020 _aNA
082 _222
_a621.381521
100 _aNilsson Jame H and riedal susan A.
245 _aIntroductory Circuits for electrical and computer engineering /
260 _aPH,
_bPH,
_cc2002
300 _a555 p, ;
_bNA
_c24cm.
942 _2ddc
_cEE
999 _c3418
_d3418